The old inns of England / (Record no. 127325)

MARC details
000 -LEADER
campo de control de longitud fija 00519nam a2200169 4500
001 - NÚMERO DE CONTROL
campo de control 127325
003 - IDENTIFICADOR DE NÚMERO DE CONTROL
campo de control ES-MaACL
005 - FECHA Y HORA DE LA ÚLTIMA TRANSACCIÓN
campo de control 20230906193007.0
007 - CAMPO FIJO DE DESCRIPCIÓN FÍSICA--INFORMACIÓN GENERAL
campo de control de longitud fija t|
008 - DATOS DE LONGITUD FIJA--INFORMACIÓN GENERAL
campo de control de longitud fija 070214s1934 xxk r ||||1| eng d
100 1# - ENTRADA PRINCIPAL--NOMBRE DE PERSONA
Nombre de persona Richardson, Albert Edward.
9 (RLIN) 96927
245 14 - MENCIÓN DEL TÍTULO
Título The old inns of England /
Mención de responsabilidad, etc. by A. E. Richardson ; with a foreword by Sir Edwin Lutyens.
260 ## - PUBLICACIÓN, DISTRIBUCIÓN, ETC.
Lugar de publicación, distribución, etc. London :
Nombre del editor, distribuidor, etc. B. T. Batsford,
Fecha de publicación, distribución, etc. 1934.
300 ## - DESCRIPCIÓN FÍSICA
Extensión VIII, 118 p. :
Otras características físicas il. ;
Dimensiones 23 cm.
700 1# - ENTRADA AGREGADA--NOMBRE PERSONAL
Nombre de persona Lutyens, Edwin.
9 (RLIN) 74883
852 ## - LOCALIZACIÓN
Ubicación ES-MaACL
Número de control de estantería A-2840
Holdings
Estatus retirado Estado de pérdida Estado de daño No para préstamo Biblioteca de origen Biblioteca actual Ubicación en estantería Fecha de adquisición Fuente de adquisición Total de préstamos Signatura topográfica completa Código de barras Visto por última vez Precio de reemplazo Tipo de ítem Koha
        Biblioteca del Ateneo de Madrid Biblioteca del Ateneo de Madrid Sala Pecera Planta 1 17/01/2008     A-2840 1132617 23/02/2023 23/02/2023 Libro impreso